Ναυπηγία
Αποθηκεύτηκε σε:
| Κύριος συγγραφέας: | |
|---|---|
| Μορφή: | Βιβλίο |
| Γλώσσα: | Greek |
| Δημοσίευση: |
Αθήνα :
Ίδρυμα Ευγενίδου,
1998
|
| Σειρά: | Ίδρυμα Ευγενίδου. Βιβλιοθήκη του ναυτικού
|
| Θέματα: | |
| Ετικέτες: |
Προσθήκη ετικέτας
Δεν υπάρχουν, Καταχωρήστε ετικέτα πρώτοι!
|
MARC
| LEADER | 00000nam a2200000 i 4500 | ||
|---|---|---|---|
| 001 | 1/10093 | ||
| 008 | 000829s1998 gre d | ||
| 035 | |l 10063307 | ||
| 040 | |a GR-MY-UA |b gre |e aacr | ||
| 041 | 0 | |a gre | |
| 082 | 0 | |a 623.82 | |
| 100 | 1 | |a Κολλινιάτης, Ιωάννης Ε. | |
| 245 | 1 | 0 | |a Ναυπηγία / |c Ιωάννου Εμ. Κολλινιάτη |
| 260 | |a Αθήνα : |b Ίδρυμα Ευγενίδου, |c 1998 | ||
| 300 | |a 350 σ.; |c 24 cm | ||
| 490 | 1 | |a Ιδρυμα Ευγενίδου. Βιβλιοθήκη του ναυτικού | |
| 500 | |a Εκπαιδευτικό κείμενο Α.Δ.Σ.Ε.Ν. Υπουργείου Εμπορικής Ναυτιλίας | ||
| 650 | 0 | 0 | |a Shipbuilding. |
| 650 | 0 | 0 | |a Naval architecture. |
| 830 | 0 | |a Ίδρυμα Ευγενίδου. Βιβλιοθήκη του ναυτικού | |
| 852 | |a INST |b CHIOS |e 20190515 |h 623.82 ΚΟΛ |p 005200018618 |q 005200018618 |t BK |y 4 |x 20190522 | ||
| 852 | |a INST |b CHIOS |e 20000829 |h 623.82 ΚΟΛ |p 005200020845 |q 005200020845 |t BK |y 0 | ||
| 901 | |a BIBL2-2000-2 | ||
| 909 | |a Χ |b 084089 | ||
| 920 | |a ΤΜΗΜΑ ΝΑΥΤΙΛΙΑΣ ΚΑΙ ΕΠΙΧΕΙΡΗΜΑΤΙΚΩΝ ΥΠΗΡΕΣΙΩΝ |y ΧΙΟΣ |z 2000-02 | ||
| 970 | |z 2000/08/LITSA | ||